| 000 | 00833nam a22002297a 4500 | ||
|---|---|---|---|
| 005 | 20180502115308.0 | ||
| 010 | _a1718EN-30 B-688450-462 | ||
| 020 |
_a9789384007775 _c395.00 |
||
| 035 | _aB-688450-462 | ||
| 037 |
_bScientific _adpl |
||
| 037 | _bDBAD/PUB | ||
| 082 | _a604.2 | ||
| 100 | _aAnnaiah, M.H. | ||
| 245 |
_aEngineering drawing / _cby M.H.Annaiah, B.S. Prem Kumar [and] C.N. Chandrappa |
||
| 260 |
_aNew Delhi _bMEDTECH _c2016 |
||
| 270 |
_a4850/24, Ansari Road, Daryaganj, _bNew Delhi _e110002 |
||
| 300 |
_a444p. _c28cm(pbk) |
||
| 700 | _aB.S. Prem Kumar | ||
| 700 | _aChandrappa, C.N. | ||
| 942 |
_2ddc _cEN _mANN _h604.2 |
||
| 999 |
_c145293 _d145293 |
||